Statistiques concernant Capitaine Du Football Francais

Cliquez ici pour prendre le quiz!

Statistiques générales

  • Ce quiz a été pris 246 fois
  • Le résultat moyen est 6 sur 11

Statistiques - réponses

AllumettesRéponse% Correct
54Deschamps
92%
84Lloris
87%
26Zidane
86%
50Platini
82%
21Henry
61%
49Desailly
54%
21Vieira
40%
24Tresor
32%
30Amoros
16%
24Djorkaeff
15%
42Marche
8%

Distribution des résultats

Percentile par nombre de réponses

% des personnes avec chaque résultat

Votre développement - résultats

Vous n’avez pas pris ce quiz